000
00289nam a2200109 4500
999
_c
9243
_d
9243
082
_a
005.133FIN
100
_a
Findly, Dawat W.
245
_a
PASCAL: An Introduction to Methodical Programming
260
_a
USA:
_b
Compuer Science,
_c
1978.
856
_u
https://tinyurl.com/ygwtndco
942
_c
BK